000 00624nam a2200217Ia 4500
003 GCL
008 140319s9999 xx 000 0 ara d
040 _aGCL /
_cGCL
082 0 4 _a410
_bا ن
100 1 _aالسيد يعقوب بكر
245 1 0 _aنصوص فى فقة اللغة العربية /
_cالسيد يعقوب بكر
260 _a[S.N] :
_bدار النهضة العربية
300 _aمتعدد
490 _a
650 0 4 _aالنحو
650 0 4 _aاللغة العربية
650 0 4 _aالمنطق
650 0 4 _aفقه اللغة العربية
650 0 4 _aالنطق
942 _2ddc
_cBK
999 _c37270
_d37270